书目信息 |
| 题名: |
形态构成学
|
|
| 作者: | 辛华泉 编著 | |
| 分册: | ||
| 出版信息: | 杭州 中国美术学院出版社 1999 |
|
| 页数: | 276页 | |
| 开本: | 26cm | |
| 丛书名: | 中国艺术教育大系 | |
| 单 册: | ||
| 中图分类: | J061 | |
| 科图分类: | ||
| 主题词: | 构图学--高等学校--教材 | |
| 电子资源: | ||
| ISBN: | 7-81019-708-8 | |
| 000 | 00707oam2 2200241 450 | |
| 001 | 0709000054 | |
| 005 | 20070804092536.62 | |
| 010 | @a7-81019-708-8@dCNY38.00 | |
| 100 | @a20000217e20061999em y0chiy0110 ea | |
| 101 | 0 | @achi |
| 102 | @aCN@b330000 | |
| 105 | @af z 000yy | |
| 200 | 1 | @a形态构成学@Axing tai gou cheng xue@f辛华泉编著 |
| 210 | @a杭州@c中国美术学院出版社@d1999@h2006 | |
| 215 | @a276页@c图@d26cm | |
| 225 | 2 | @a中国艺术教育大系@i美术卷 |
| 300 | @a高等艺术教育“九五”部级教材 | |
| 462 | 0 | @12001 @a中国艺术教育大系@i美术卷 |
| 606 | 0 | @a构图学@x高等学校@j教材 |
| 690 | @aJ061@v4 | |
| 701 | 0 | @a辛华泉@Axin hua quan@4编著 |
| 801 | 0 | @aCN@bTAOJIN@c20070804 |
| 905 | @a10447@dJ061@e191 | |
| 形态构成学/辛华泉编著.-杭州:中国美术学院出版社,1999(2006) |
| 276页:图;26cm.-(中国艺术教育大系.美术卷) |
| 高等艺术教育“九五”部级教材 |
| ISBN 7-81019-708-8:CNY38.00 |
| ● |
| 相关链接 |
|
|
|
|
正题名:形态构成学
索取号:J061/191
 
预约/预借
| 序号 | 登录号 | 条形码 | 馆藏地/架位号 | 状态 | 备注 |
| 1 | 0523816 | 205238161 | 第一样本阅览室/ [索取号:J061/191] | 在馆 | |
| 2 | 0523817 | 205238170 | 第一借阅区/ [索取号:J061/191] | 在馆 | |
| 3 | 0523818 | 205238189 | 第一借阅区/ [索取号:J061/191] | 在馆 | |
| 4 | 0807797 | 208077971 | 第一借阅区/ [索取号:J061/191] | 在馆 | |
| 5 | 0807798 | 208077980 | 第一借阅区/ [索取号:J061/191] | 在馆 | |
| 6 | 0807799 | 208077999 | 第一借阅区/ [索取号:J061/191] | 在馆 | |
| 7 | 0807800 | 208078006 | 第一借阅区/ [索取号:J061/191] | 在馆 | |
| 8 | 0807801 | 208078015 | 第一借阅区/ [索取号:J061/191] | 在馆 | |
| 9 | 0807802 | 208078024 | 第一借阅区/ [索取号:J061/191] | 在馆 | |
| 10 | 0807803 | 208078033 | 第一借阅区/ [索取号:J061/191] | 在馆 | |
| 11 | 0807804 | 208078042 | 密集书库-美术系/ [索取号:J061/191] | 在馆 | |
| 12 | 0807805 | 208078051 | 密集书库-美术系/ [索取号:J061/191] | 在馆 | |
| 13 | 0807806 | 208078060 | 美术系资料室/ [索取号:J061/191] | 在馆 |